[Event "DEM U10 2017"]
[Site "Willingen GER"]
[Date "2017.06.08"]
[Round "8"]
[White "Reichmann, Felix"]
[Black "von Mettenheim, Johannes"]
[Result "1/2-1/2"]
[Termination "normal"]
[Board "8"]
[WhiteElo "1550"]
[BlackElo "1407"]
[WhiteClock "00:08:19"]
[BlackClock "00:33:41"]
[PlyCount "89"]
[WhiteFideId "16238290"]
[BlackFideId "16244818"]
[EventCountry "GER"]
[EventRounds "11"]
[EventType "swiss"]
[EventDate "2017.06.03"]

1. c4 {[%clk 1:15:58]} 1... e6 {[%clk 1:15:51]} 2. g3 {[%clk 1:16:23]} 2... Nf6
{[%clk 1:16:11]} 3. Bg2 {[%clk 1:16:50]} 3... d5 {[%clk 1:16:35]} 4. Nf3 {
[%clk 1:17:15]} 4... Be7 {[%clk 1:17:00]} 5. O-O {[%clk 1:17:36]} 5... O-O {
[%clk 1:17:27]} 6. b3 {[%clk 1:17:16]} 6... c5 {[%clk 1:17:41]} 7. Bb2 { [%clk
1:17:35]} 7... d4 {[%clk 1:18:05]} 8. e3 {[%clk 1:17:56]} 8... Nc6 { [%clk
1:18:29]} 9. exd4 {[%clk 1:18:10]} 9... cxd4 {[%clk 1:18:53]} 10. d3 { [%clk
1:18:17]} 10... e5 {[%clk 1:17:22]} 11. Re1 {[%clk 1:18:29]} 11... Bd6 { [%clk
1:17:41]} 12. Ba3 {[%clk 1:09:28]} 12... Re8 {[%clk 1:12:21]} 13. Bxd6 { [%clk
1:07:16]} 13... Qxd6 {[%clk 1:12:40]} 14. a3 {[%clk 1:01:53]} 14... a5 { [%clk
1:08:30]} 15. Nbd2 {[%clk 1:01:58]} 15... Bf5 {[%clk 1:08:17]} 16. Qc2 { [%clk
1:00:31]} 16... Nd7 {[%clk 1:08:04]} 17. Nh4 {[%clk 0:51:22]} 17... Bg6 { [%clk
1:05:58]} 18. Nxg6 {[%clk 0:51:39]} 18... Qxg6 {[%clk 1:06:15]} 19. Be4 { [%clk
0:45:35]} 19... f5 {[%clk 1:04:48]} 20. Bd5+ {[%clk 0:44:31]} 20... Kh8 { [%clk
1:04:46]} 21. Rab1 {[%clk 0:43:06]} 21... Qd6 {[%clk 1:04:24]} 22. Ra1 { [%clk
0:42:25]} 22... Nf6 {[%clk 0:57:38]} 23. Bg2 {[%clk 0:42:38]} 23... g5 { [%clk
0:56:33]} 24. Qd1 {[%clk 0:25:46]} 24... Rg8 {[%clk 0:53:43]} 25. Bxc6 { [%clk
0:23:31]} 25... bxc6 {[%clk 0:54:06]} 26. Nf3 {[%clk 0:23:16]} 26... Rae8
{[%clk 0:54:00]} 27. Re2 {[%clk 0:18:35]} 27... g4 {[%clk 0:53:41]} 28. Nd2 {
[%clk 0:18:37]} 28... c5 {[%clk 0:53:39]} 29. Qe1 {[%clk 0:17:07]} 29... h5 {
[%clk 0:52:27]} 30. Nf1 {[%clk 0:17:13]} 30... Qc7 {[%clk 0:51:44]} 31. b4 {
[%clk 0:17:26]} 31... h4 {[%clk 0:52:04]} 32. gxh4 {[%clk 0:17:21]} 32... f4 {
[%clk 0:51:50]} 33. bxc5 {[%clk 0:15:58]} 33... Rg7 {[%clk 0:51:49]} 34. Rb1 {
[%clk 0:15:58]} 34... Rh7 {[%clk 0:52:04]} 35. Rb6 {[%clk 0:15:33]} 35... f3 {
[%clk 0:52:19]} 36. Rxf6 {[%clk 0:12:09]} 36... fxe2 {[%clk 0:52:41]} 37. Qxe2
{[%clk 0:12:29]} 37... Qe7 {[%clk 0:52:19]} 38. Rg6 {[%clk 0:11:59]} 38... Rxh4
{[%clk 0:51:26]} 39. Rd6 {[%clk 0:11:36]} 39... Rc8 {[%clk 0:44:55]} 40. Rxd4 {
[%clk 0:11:26]} 40... Qxc5 {[%clk 0:44:44]} 41. Rd5 {[%clk 0:11:31]} 41... Qe7
{[%clk 0:33:22]} 42. Rxe5 {[%clk 0:07:29]} 42... Qxa3 {[%clk 0:33:03]} 43. Re8+
{[%clk 0:07:36]} 43... Rxe8 {[%clk 0:33:20]} 44. Qxe8+ {[%clk 0:08:04]} 44...
Kg7 {[%clk 0:33:41]} 45. Qd7+ {[%clk 0:08:19]} 1/2-1/2

[Event "DEM U10 2017"]
[Site "Willingen GER"]
[Date "2017.06.08"]
[Round "8"]
[White "Bungarten, Jona"]
[Black "Fuhrmann, Bahne"]
[Result "1/2-1/2"]
[Termination "normal"]
[Board "9"]
[WhiteElo "1726"]
[BlackElo "1365"]
[WhiteClock "00:20:57"]
[BlackClock "00:21:17"]
[PlyCount "78"]
[WhiteFideId "16223608"]
[BlackFideId "16244842"]
[EventCountry "GER"]
[EventRounds "11"]
[EventType "swiss"]
[EventDate "2017.06.03"]

1. e4 {[%clk 1:15:58]} 1... e6 {[%clk 1:15:55]} 2. d4 {[%clk 1:16:12]} 2... d5
{[%clk 1:16:20]} 3. Nd2 {[%clk 1:16:31]} 3... Nf6 {[%clk 1:16:46]} 4. e5 {
[%clk 1:16:54]} 4... Nfd7 {[%clk 1:17:13]} 5. f4 {[%clk 1:17:13]} 5... c5 {
[%clk 1:17:35]} 6. c3 {[%clk 1:17:19]} 6... Nc6 {[%clk 1:17:57]} 7. Ndf3 {
[%clk 1:17:37]} 7... Qb6 {[%clk 1:18:09]} 8. g3 {[%clk 1:16:22]} 8... Be7 {
[%clk 1:18:21]} 9. Kf2 {[%clk 1:15:57]} 9... cxd4 {[%clk 1:18:00]} 10. cxd4 {
[%clk 1:16:20]} 10... f6 {[%clk 1:18:16]} 11. Kg2 {[%clk 1:15:40]} 11... O-O {
[%clk 1:17:48]} 12. Bd3 {[%clk 1:15:48]} 12... fxe5 {[%clk 1:16:45]} 13. fxe5 {
[%clk 1:13:11]} 13... Kh8 {[%clk 1:15:36]} 14. Ne2 {[%clk 1:11:51]} 14... Nb4 {
[%clk 1:09:04]} 15. Bb1 {[%clk 1:08:53]} 15... Qd8 {[%clk 1:01:04]} 16. a3 {
[%clk 1:07:59]} 16... Nc6 {[%clk 1:01:10]} 17. Qd3 {[%clk 1:07:50]} 17... g6 {
[%clk 1:01:07]} 18. Nf4 {[%clk 1:05:27]} 18... Rg8 {[%clk 0:57:31]} 19. h4 {
[%clk 1:03:19]} 19... Nf8 {[%clk 0:55:41]} 20. h5 {[%clk 1:00:28]} 20... g5 {
[%clk 0:53:30]} 21. Ne2 {[%clk 0:45:54]} 21... Bd7 {[%clk 0:51:56]} 22. Bd2 {
[%clk 0:41:01]} 22... Rc8 {[%clk 0:44:08]} 23. Nh2 23... Be8 {[%clk 0:39:03]}
24. Rf1 {[%clk 0:36:09]} 24... Rg7 {[%clk 0:39:24]} 25. g4 {[%clk 0:35:01]}
25... Rf7 {[%clk 0:37:10]} 26. Rxf7 {[%clk 0:35:24]} 26... Bxf7 {[%clk 0:37:34]
} 27. Bc2 {[%clk 0:34:42]} 27... a6 {[%clk 0:34:03]} 28. Rf1 {[%clk 0:34:41]}
28... Qe8 {[%clk 0:34:21]} 29. Bb1 {[%clk 0:34:28]} 29... Nd8 {[%clk 0:32:46]}
30. Nf3 {[%clk 0:33:36]} 30... h6 {[%clk 0:32:48]} 31. Neg1 {[%clk 0:32:56]}
31... Qa4 {[%clk 0:28:16]} 32. Ne2 {[%clk 0:31:19]} 32... Be8 {[%clk 0:23:20]}
33. Ne1 {[%clk 0:30:41]} 33... Bf7 {[%clk 0:23:13]} 34. Bc3 {[%clk 0:26:30]}
34... Qc4 {[%clk 0:22:37]} 35. Qxc4 {[%clk 0:26:31]} 35... Rxc4 {[%clk 0:22:40]
} 36. Bd3 {[%clk 0:26:48]} 36... Rc8 {[%clk 0:22:21]} 37. Nc2 {[%clk 0:21:53]}
37... Kg7 {[%clk 0:21:20]} 38. Ne3 {[%clk 0:21:49]} 38... Nd7 {[%clk 0:21:17]}
39. Nc1 {[%clk 0:20:57]} 39... b5 1/2-1/2

[Event "DEM U10 2017"]
[Site "Willingen GER"]
[Date "2017.06.08"]
[Round "8"]
[White "Amato, Cristiano"]
[Black "Weissenberger, Julius"]
[Result "1/2-1/2"]
[Termination "normal"]
[Board "10"]
[WhiteElo "1505"]
[BlackElo "1381"]
[WhiteClock "00:17:31"]
[BlackClock "00:13:04"]
[PlyCount "66"]
[WhiteFideId "12998460"]
[BlackFideId "16244826"]
[EventCountry "GER"]
[EventRounds "11"]
[EventType "swiss"]
[EventDate "2017.06.03"]

1. e4 {[%clk 1:15:58]} 1... e5 {[%clk 1:15:49]} 2. Nf3 {[%clk 1:16:22]} 2...
Nc6 {[%clk 1:16:10]} 3. Bb5 {[%clk 1:16:36]} 3... Bc5 {[%clk 1:15:40]} 4. c3 {
[%clk 1:16:58]} 4... a6 {[%clk 1:10:51]} 5. Ba4 {[%clk 1:16:51]} 5... b5 {
[%clk 1:10:40]} 6. Bb3 {[%clk 1:17:01]} 6... Be7 {[%clk 1:08:46]} 7. d4 { [%clk
1:17:05]} 7... exd4 {[%clk 1:09:03]} 8. cxd4 {[%clk 1:17:17]} 8... d6 { [%clk
1:07:04]} 9. Be3 {[%clk 1:16:06]} 9... Bb7 {[%clk 1:05:03]} 10. Nbd2 { [%clk
1:15:00]} 10... h6 {[%clk 1:02:59]} 11. O-O {[%clk 1:14:35]} 11... Bf6 { [%clk
1:00:46]} 12. d5 {[%clk 1:12:25]} 12... Ne5 {[%clk 0:59:52]} 13. Nd4 { [%clk
1:11:54]} 13... Ne7 {[%clk 0:56:51]} 14. Rb1 {[%clk 1:10:10]} 14... O-O { [%clk
0:55:10]} 15. f4 {[%clk 1:08:10]} 15... N5g6 {[%clk 0:53:21]} 16. Qg4 { [%clk
1:06:08]} 16... Bc8 {[%clk 0:52:56]} 17. Qh5 {[%clk 1:01:39]} 17... Qd7 { [%clk
0:47:53]} 18. h3 {[%clk 0:58:38]} 18... c5 19. dxc6 19... Qc7 { [%clk 0:41:02]}
20. Bd5 {[%clk 0:50:19]} 20... Nxd5 21. exd5 21... Qe7 { [%clk 0:35:40]} 22.
Rbe1 {[%clk 0:46:45]} 22... Qd8 {[%clk 0:30:53]} 23. Ne4 { [%clk 0:43:03]}
23... Re8 {[%clk 0:26:29]} 24. Nxf6+ {[%clk 0:35:44]} 24... Qxf6 {[%clk
0:25:38]} 25. Qf3 {[%clk 0:34:58]} 25... Bf5 {[%clk 0:21:47]} 26. Nxf5 {[%clk
0:35:05]} 26... Qxf5 {[%clk 0:21:59]} 27. g4 {[%clk 0:34:50]} 27... Qe4 {[%clk
0:20:46]} 28. Qxe4 {[%clk 0:34:42]} 28... Rxe4 {[%clk 0:20:46]} 29. Bd2 {[%clk
0:28:27]} 29... Rd4 {[%clk 0:20:43]} 30. Rd1 {[%clk 0:27:32]} 30... Rxd5 {[%clk
0:19:36]} 31. Be3 {[%clk 0:27:29]} 31... Ne7 {[%clk 0:17:45]} 32. Rc1 {[%clk
0:17:33]} 32... Rc8 {[%clk 0:13:40]} 33. c7 {[%clk 0:17:31]} 33... Rd3 {[%clk
0:13:04]} 1/2-1/2

[Event "DEM U10 2017"]
[Site "Willingen GER"]
[Date "2017.06.08"]
[Round "8"]
[White "Zweigait, Leon"]
[Black "Fink, Moritz"]
[Result "0-1"]
[Termination "normal"]
[Board "11"]
[WhiteElo "1442"]
[BlackElo "1162"]
[WhiteClock "00:39:29"]
[BlackClock "00:41:41"]
[PlyCount "132"]
[WhiteFideId "16201388"]
[BlackFideId "16235711"]
[EventCountry "GER"]
[EventRounds "11"]
[EventType "swiss"]
[EventDate "2017.06.03"]

1. d4 {[%clk 1:15:56]} 1... d5 {[%clk 1:15:54]} 2. c4 {[%clk 1:16:21]} 2... e6
{[%clk 1:16:07]} 3. Nc3 {[%clk 1:16:45]} 3... Nf6 {[%clk 1:16:28]} 4. Bf4 {
[%clk 1:17:08]} 4... Bb4 {[%clk 1:15:36]} 5. e3 {[%clk 1:15:11]} 5... Ne4 {
[%clk 1:14:30]} 6. Qb3 {[%clk 1:14:29]} 6... Nc6 {[%clk 1:11:16]} 7. c5 { [%clk
1:14:23]} 7... O-O {[%clk 1:01:03]} 8. Bb5 {[%clk 1:13:38]} 8... Bxc3+ { [%clk
1:00:51]} 9. bxc3 {[%clk 1:13:43]} 9... Na5 {[%clk 1:00:41]} 10. Qc2 { [%clk
1:13:38]} 10... c6 {[%clk 1:00:18]} 11. Bd3 {[%clk 1:13:59]} 11... b6 { [%clk
0:57:55]} 12. Bxe4 {[%clk 1:13:32]} 12... dxe4 {[%clk 0:58:16]} 13. Bd6 { [%clk
1:13:46]} 13... Re8 {[%clk 0:58:01]} 14. Qxe4 {[%clk 1:14:05]} 14... f5 { [%clk
0:52:35]} 15. Qf3 {[%clk 1:14:13]} 15... Bb7 {[%clk 0:52:07]} 16. h4 { [%clk
1:13:23]} 16... Nc4 {[%clk 0:51:48]} 17. Qg3 {[%clk 1:13:04]} 17... Nxd6 {[%clk
0:51:58]} 18. cxd6 {[%clk 1:13:20]} 18... Qf6 {[%clk 0:52:06]} 19. Nf3 { [%clk
1:13:22]} 19... c5 {[%clk 0:52:02]} 20. Rd1 {[%clk 1:13:21]} 20... Bxf3 { [%clk
0:52:01]} 21. gxf3 {[%clk 1:13:30]} 21... e5 {[%clk 0:51:40]} 22. Rg1 { [%clk
1:12:57]} 22... f4 {[%clk 0:51:02]} 23. Qg5 {[%clk 1:13:17]} 23... Qxg5 { [%clk
0:51:25]} 24. Rxg5 {[%clk 1:13:36]} 24... exd4 {[%clk 0:51:48]} 25. cxd4 {[%clk
1:12:44]} 25... cxd4 {[%clk 0:51:58]} 26. Rxd4 {[%clk 1:12:50]} 26... Rad8
{[%clk 0:52:00]} 27. e4 {[%clk 1:12:59]} 27... Rd7 {[%clk 0:51:29]} 28. Rgd5
{[%clk 1:13:15]} 28... Re6 {[%clk 0:51:16]} 29. Kd2 {[%clk 1:13:20]} 29... Rh6
{[%clk 0:50:54]} 30. e5 {[%clk 1:13:15]} 30... Kf7 {[%clk 0:50:46]} 31. Kd3
{[%clk 1:12:42]} 31... Ke6 {[%clk 0:51:06]} 32. Ke4 {[%clk 1:13:04]} 32... Rxh4
{[%clk 0:50:34]} 33. Rc4 {[%clk 1:13:15]} 33... Rh1 {[%clk 0:50:57]} 34. Rd3 {
[%clk 1:12:05]} 34... Re1+ {[%clk 0:51:13]} 35. Kxf4 {[%clk 1:12:13]} 35...
Rxe5 {[%clk 0:51:21]} 36. Rcd4 {[%clk 1:11:35]} 36... Rf5+ {[%clk 0:50:55]} 37.
Ke4 {[%clk 1:11:40]} 37... h5 {[%clk 0:51:10]} 38. f4 {[%clk 1:11:49]} 38... h4
{[%clk 0:50:42]} 39. a4 {[%clk 1:11:03]} 39... Rh5 {[%clk 0:50:56]} 40. Re3 {
[%clk 1:09:01]} 40... Rxd6 {[%clk 0:50:50]} 41. f5+ {[%clk 1:09:02]} 41... Kd7
{[%clk 0:50:21]} 42. Rc4 {[%clk 1:07:59]} 42... h3 {[%clk 0:50:06]} 43. Rc1 {
[%clk 1:06:19]} 43... g6 {[%clk 0:49:37]} 44. fxg6 {[%clk 1:00:25]} 44... Rxg6
{[%clk 0:49:53]} 45. Rd3+ {[%clk 1:00:46]} 45... Ke8 {[%clk 0:49:23]} 46. Rc8+
{[%clk 1:00:43]} 46... Kf7 {[%clk 0:49:42]} 47. Rc7+ {[%clk 1:00:48]} 47... Kf6
{[%clk 0:49:42]} 48. Rc6+ {[%clk 1:00:12]} 48... Kg7 {[%clk 0:49:49]} 49. Rc7+
{[%clk 0:59:00]} 49... Kh6 {[%clk 0:50:08]} 50. Rc8 {[%clk 0:47:22]} 50... Re6+
{[%clk 0:42:20]} 51. Kf4 {[%clk 0:47:14]} 51... Ree5 {[%clk 0:41:31]} 52. Rd6+
{[%clk 0:46:59]} 52... Kg7 {[%clk 0:41:30]} 53. Rd7+ {[%clk 0:45:08]} 53... Kf6
{[%clk 0:40:22]} 54. Rf8+ {[%clk 0:42:11]} 54... Ke6 {[%clk 0:39:58]} 55. Rfd8
{[%clk 0:42:10]} 55... h2 {[%clk 0:39:18]} 56. Rd1 {[%clk 0:41:47]} 56... Ref5+
{[%clk 0:39:23]} 57. Kg4 {[%clk 0:41:39]} 57... h1=Q {[%clk 0:39:35]} 58. Rxh1
{[%clk 0:39:05]} 58... Rxh1 {[%clk 0:39:58]} 59. Re8+ {[%clk 0:38:58]} 59...
Kd7 {[%clk 0:39:52]} 60. Ra8 {[%clk 0:38:21]} 60... Rfh5 {[%clk 0:40:10]} 61.
Rxa7+ {[%clk 0:38:14]} 61... Kc8 {[%clk 0:40:29]} 62. Rf7 {[%clk 0:38:22]}
62... R5h4+ {[%clk 0:40:39]} 63. Kg3 {[%clk 0:38:36]} 63... Rxa4 { [%clk
0:40:50]} 64. Rf8+ {[%clk 0:38:50]} 64... Kb7 {[%clk 0:41:14]} 65. f4 { [%clk
0:39:06]} 65... Rf1 {[%clk 0:41:23]} 66. f5 {[%clk 0:39:29]} 66... Raf4 { [%clk
0:41:41]} 0-1

[Event "DEM U10 2017"]
[Site "Willingen GER"]
[Date "2017.06.08"]
[Round "8"]
[White "Phan Trong, Dai"]
[Black "Klühs, Gustaf"]
[Result "0-1"]
[Termination "normal"]
[Board "12"]
[WhiteElo "1392"]
[BlackElo "1620"]
[WhiteClock "00:42:00"]
[BlackClock "01:08:10"]
[PlyCount "76"]
[WhiteFideId "16236939"]
[BlackFideId "16228936"]
[EventCountry "GER"]
[EventRounds "11"]
[EventType "swiss"]
[EventDate "2017.06.03"]

1. c4 {[%clk 1:15:59]} 1... Nf6 {[%clk 1:15:57]} 2. g3 {[%clk 1:16:21]} 2... g6
{[%clk 1:16:23]} 3. Bg2 {[%clk 1:16:43]} 3... Bg7 {[%clk 1:16:49]} 4. Nc3 {
[%clk 1:17:05]} 4... O-O {[%clk 1:17:14]} 5. e4 {[%clk 1:17:12]} 5... e5 {
[%clk 1:17:28]} 6. Nge2 {[%clk 1:17:35]} 6... d6 {[%clk 1:17:52]} 7. O-O {
[%clk 1:17:54]} 7... c6 {[%clk 1:18:15]} 8. d3 {[%clk 1:17:57]} 8... Qc7 {
[%clk 1:18:39]} 9. Be3 {[%clk 1:18:10]} 9... Nbd7 {[%clk 1:19:03]} 10. f4 {
[%clk 1:18:04]} 10... Re8 {[%clk 1:19:12]} 11. Rc1 {[%clk 1:15:57]} 11... Nf8 {
[%clk 1:19:12]} 12. fxe5 {[%clk 1:11:31]} 12... dxe5 {[%clk 1:19:07]} 13. Bg5 {
[%clk 1:04:45]} 13... Ng4 {[%clk 1:15:18]} 14. h3 {[%clk 1:03:00]} 14... Qb6+ {
[%clk 1:14:50]} 15. Kh1 {[%clk 1:00:51]} 15... Nf2+ {[%clk 1:13:36]} 16. Rxf2 {
[%clk 1:01:02]} 16... Qxf2 {[%clk 1:13:58]} 17. Qd2 {[%clk 1:01:18]} 17... Qb6
{[%clk 1:13:56]} 18. Rf1 {[%clk 1:01:18]} 18... Qc7 {[%clk 1:14:03]} 19. Bf6 {
[%clk 1:01:18]} 19... Ne6 {[%clk 1:13:51]} 20. h4 {[%clk 0:59:02]} 20... Bxf6 {
[%clk 1:13:45]} 21. Rxf6 {[%clk 0:59:22]} 21... Qe7 {[%clk 1:14:07]} 22. Rf1 {
[%clk 0:58:42]} 22... Ng7 {[%clk 1:14:24]} 23. Bf3 {[%clk 0:58:18]} 23... h5 {
[%clk 1:14:27]} 24. Qh6 {[%clk 0:58:01]} 24... Be6 {[%clk 1:14:21]} 25. a3 {
[%clk 0:56:06]} 25... Rad8 {[%clk 1:14:23]} 26. Nc1 {[%clk 0:56:19]} 26... Bg4
{[%clk 1:13:13]} 27. Bxg4 hxg4 28. Qe3 {[%clk 0:49:34]} 28... Nh5 { [%clk
1:13:13]} 29. N3e2 {[%clk 0:49:39]} 29... a6 {[%clk 1:13:29]} 30. b4 { [%clk
0:49:30]} 30... a5 {[%clk 1:13:31]} 31. Na2 Qd6 32. Rd1 {[%clk 0:47:44]} 32...
Ra8 {[%clk 1:12:13]} 33. Nec3 {[%clk 0:47:12]} 33... Qd4 {[%clk 1:11:47]} 34.
Qe1 {[%clk 0:45:36]} 34... f5 {[%clk 1:07:57]} 35. Kg2 {[%clk 0:43:37]} 35...
f4 {[%clk 1:07:48]} 36. gxf4 {[%clk 0:44:02]} 36... exf4 {[%clk 1:08:03]} 37.
Qd2 {[%clk 0:41:55]} 37... f3+ {[%clk 1:07:53]} 38. Kf1 {[%clk 0:42:00]} 38...
Ng3+ {[%clk 1:08:10]} 0-1

[Event "DEM U10 2017"]
[Site "Willingen GER"]
[Date "2017.06.08"]
[Round "8"]
[White "Böhm, Karl"]
[Black "Ehrig, Leon Chris"]
[Result "1-0"]
[Termination "normal"]
[Board "13"]
[WhiteElo "1516"]
[BlackElo "1484"]
[PlyCount "57"]
[WhiteFideId "16209800"]
[BlackFideId "16244796"]
[EventCountry "GER"]
[EventRounds "11"]
[EventType "swiss"]
[EventDate "2017.06.03"]

1. e4 e5 2. Nf3 Nc6 3. Bc4 Bc5 4. c3 Nf6 5. d4 exd4 6. cxd4 Bb4+ 7. Nc3 O-O 8.
O-O Bxc3 9. bxc3 Nxe4 10. d5 Na5 11. Bd3 Nf6 12. Re1 d6 13. c4 Bg4 14. h3 Bh5
15. Bd2 Bxf3 16. Qxf3 c6 17. Bg5 cxd5 18. cxd5 h6 19. Bxf6 Qxf6 20. Qxf6 gxf6
21. Re7 Rfe8 22. Rae1 Rxe7 23. Rxe7 Rd8 24. Kf1 Kf8 25. Rc7 a6 26. Be2 Ke8 27.
Bg4 Rb8 28. Bh5 b5 29. Rxf7 1-0

[Event "DEM U10 2017"]
[Site "Willingen GER"]
[Date "2017.06.08"]
[Round "8"]
[White "Breitkopf-Lazar, Patrick-Robert"]
[Black "Zielke, Ansgar"]
[Result "1-0"]
[Termination "normal"]
[Board "14"]
[WhiteElo "1297"]
[BlackElo "1450"]
[PlyCount "87"]
[WhiteFideId "16213742"]
[BlackFideId "16244800"]
[EventCountry "GER"]
[EventRounds "11"]
[EventType "swiss"]
[EventDate "2017.06.03"]

1. e4 c5 2. Nf3 Nc6 3. d4 cxd4 4. Nxd4 Nf6 5. Nxc6 bxc6 6. Bd3 d6 7. O-O e6 8.
Nc3 Be7 9. Be3 O-O 10. f4 d5 11. e5 Ne8 12. Ne2 f5 13. Qd2 Bb7 14. c3 Rc8 15.
b4 a5 16. Rab1 axb4 17. cxb4 Ra8 18. Rfc1 Nc7 19. Bb6 Qd7 20. Nd4 Rfc8 21. Bc5
Bxc5 22. bxc5 Ba6 23. Bxa6 Rxa6 24. Rb7 Raa8 25. Rcb1 Qe8 26. R1b6 Na6 27. Qc2
Rcb8 28. Rxb8 Nxb8 29. Qb2 h6 30. Nxe6 Qxe6 31. Rxb8+ Rxb8 32. Qxb8+ Kh7 33.
Qd6 Qe8 34. h3 Kg8 35. e6 d4 36. Qd7 Kf8 37. Qxe8+ Kxe8 38. a4 d3 39. Kf2 d2
40. Ke2 Ke7 41. a5 Kxe6 42. a6 Kd5 43. a7 Kc4 44. Kxd2 1-0

[Event "DEM U10 2017"]
[Site "Willingen GER"]
[Date "2017.06.08"]
[Round "8"]
[White "Fathke, Luke"]
[Black "Stork, Christopher"]
[Result "1/2-1/2"]
[Termination "normal"]
[Board "16"]
[WhiteElo "1327"]
[BlackElo "1630"]
[PlyCount "68"]
[WhiteFideId "16230230"]
[BlackFideId "16215400"]
[EventCountry "GER"]
[EventRounds "11"]
[EventType "swiss"]
[EventDate "2017.06.03"]

1. e4 e6 2. d4 d5 3. e5 c5 4. c3 Nc6 5. Nf3 Qb6 6. Qb3 Qxb3 7. axb3 b6 8. Bb5
Bb7 9. Be3 a6 10. Bd3 f6 11. Nbd2 cxd4 12. cxd4 Nb4 13. Bb1 a5 14. O-O Ne7 15.
Rc1 Nec6 16. Nf1 Be7 17. Ng3 O-O 18. Ne2 Bc8 19. Nc3 Ba6 20. h3 Bd8 21. Na4 Rb8
22. Nc3 Bc7 23. Bf4 Rfc8 24. Rd1 h6 25. Bg6 f5 26. Ne1 Ne7 27. Bh5 g6 28. Be2
Bxe2 29. Nxe2 g5 30. Bd2 Nec6 31. Bxb4 Nxb4 32. Nc3 Nc6 33. Nb5 Ne7 34. Rac1
Bd8 1/2-1/2

[Event "DEM U10 2017"]
[Site "Willingen GER"]
[Date "2017.06.08"]
[Round "8"]
[White "Richter, Nicholas"]
[Black "Neuwirth, Mark"]
[Result "1-0"]
[Termination "normal"]
[Board "18"]
[WhiteElo "1369"]
[BlackElo "1123"]
[PlyCount "135"]
[WhiteFideId "16244834"]
[BlackFideId "16244958"]
[EventCountry "GER"]
[EventRounds "11"]
[EventType "swiss"]
[EventDate "2017.06.03"]

1. d4 e5 2. dxe5 Nc6 3. Nf3 Qe7 4. Bf4 Qb4+ 5. Bd2 Qc5 6. Bc3 Nge7 7. Nbd2 Ng6
8. Nb3 Qe7 9. e3 Ngxe5 10. Nbd4 Nxf3+ 11. Nxf3 Qd6 12. Qxd6 Bxd6 13. Bxg7 Rg8
14. Bc3 Bb4 15. Bxb4 Nxb4 16. Kd2 Rg6 17. c4 Rd6+ 18. Kc3 a5 19. a3 b6 20. Be2
Na6 21. Nd2 Rc6 22. Bf3 Bb7 23. Bxc6 Bxc6 24. Rhg1 O-O-O 25. b4 axb4+ 26. axb4
Bb7 27. Rae1 Nb8 28. e4 Rf8 29. g3 d6 30. e5 dxe5 31. Rxe5 Nc6 32. Rh5 Rh8 33.
b5 Ne7 34. Re1 Ng6 35. f4 Kd7 36. Nb3 Bf3 37. Rf5 Rf8 38. Nd4 Bg4 39. Rd5+ Kc8
40. Nc6 Bf3 41. Rd2 h6 42. Ra1 Kb7 43. Ra7+ Kc8 44. Ra8+ Kb7 45. Rxf8 Nxf8 46.
Ne5 Bh5 47. Rd8 Ne6 48. Rh8 Nc5 49. Rxh6 Bg6 50. g4 Ne4+ 51. Kd4 Nf2 52. f5
Nxg4 53. fxg6 Nxh6 54. Nxf7 Ng8 55. Ke5 Kc8 56. Ke6 c6 57. h4 Kc7 58. h5 cxb5
59. cxb5 Kc8 60. h6 Nxh6 61. Nxh6 Kb8 62. g7 Kc7 63. g8=Q Kb7 64. Kd6 Ka7 65.
Nf7 Kb7 66. Nd8+ Ka8 67. Nc6+ Kb7 68. Qb8# 1-0

[Event "DEM U10 2017"]
[Site "Willingen GER"]
[Date "2017.06.08"]
[Round "8"]
[White "Müller, Maximilian"]
[Black "Strehse, Nelson"]
[Result "0-1"]
[Termination "normal"]
[Board "19"]
[WhiteElo "1234"]
[BlackElo "1042"]
[PlyCount "94"]
[WhiteFideId "16243552"]
[BlackFideId "16228898"]
[EventCountry "GER"]
[EventRounds "11"]
[EventType "swiss"]
[EventDate "2017.06.03"]

1. d4 d5 2. Nf3 Nf6 3. e3 c5 4. b3 Nc6 5. a3 Bg4 6. Nbd2 e6 7. Bb2 Be7 8. Bd3
O-O 9. O-O Rc8 10. Rc1 Na5 11. Qe2 Qc7 12. c4 cxd4 13. exd4 Qb8 14. cxd5 Nxd5
15. b4 Nf4 16. Qe3 Nxd3 17. Qxd3 Nc6 18. h3 Bf5 19. Qe3 Bf6 20. Ne4 Bxe4 21.
Qxe4 Ne7 22. Rfd1 Nd5 23. Ne5 Bxe5 24. Qxe5 Qxe5 25. dxe5 Rfd8 26. Rxc8 Rxc8
27. g3 a6 28. h4 Kf8 29. Kf1 Rc2 30. Bd4 Ke8 31. Ke1 Nc3 32. Bxc3 Rxc3 33. Ra1
Rc4 34. f4 Rc3 35. Kf2 Kd7 36. Rd1+ Kc7 37. Ra1 Kb6 38. Rd1 Rxa3 39. Rd7 Rb3
40. Rxf7 Rxb4 41. Rxg7 a5 42. Rxh7 a4 43. h5 a3 44. h6 a2 45. Rxb7+ Kxb7 46. h7
Rb2+ 47. Kf3 Rh2 0-1

[Event "DEM U10 2017"]
[Site "Willingen GER"]
[Date "2017.06.08"]
[Round "8"]
[White "Cromm, Mika"]
[Black "Kageler, Anton Paul"]
[Result "1-0"]
[Termination "normal"]
[Board "20"]
[WhiteElo "1175"]
[BlackElo "1341"]
[PlyCount "145"]
[WhiteFideId "16244915"]
[BlackFideId "16244850"]
[EventCountry "GER"]
[EventRounds "11"]
[EventType "swiss"]
[EventDate "2017.06.03"]

1. d4 Nf6 2. c4 c5 3. e3 cxd4 4. exd4 g6 5. Nc3 Bg7 6. Nf3 O-O 7. Be3 Nc6 8.
Bd3 Ng4 9. O-O Qc7 10. h3 Nxe3 11. fxe3 Qb6 12. Rb1 e5 13. c5 Qa5 14. dxe5 Qxc5
15. Re1 Nxe5 16. Rc1 Qb6 17. Rb1 Re8 18. Kh1 Nxf3 19. Qxf3 Bxc3 20. bxc3 Qc6
21. Rf1 Qxf3 22. Rxf3 Rb8 23. Bc4 Re7 24. Rbf1 d5 25. Bxd5 Be6 26. Bxe6 fxe6
27. Rd1 Rc8 28. e4 Rf7 29. Rfd3 Rcc7 30. g4 g5 31. Kg2 h6 32. Kg3 Kg7 33. e5
Kg6 34. Kg2 Rc5 35. Re3 Rfc7 36. Rc1 Rc4 37. Kg3 h5 38. gxh5+ Kxh5 39. Kg2 g4
40. Kg3 gxh3 41. Kxh3 Rh4+ 42. Kg3 Rg7+ 43. Kf3 Rh3+ 44. Ke4 Rg4+ 45. Kd3 Rgg3
46. Rxg3 Rxg3+ 47. Kd4 b6 48. Rf1 Rg4+ 49. Ke3 Rg5 50. Ke4 Rg6 51. Rf6 Rxf6 52.
exf6 Kg6 53. Ke5 Kf7 54. c4 a5 55. a4 Kf8 56. Kxe6 Ke8 57. f7+ Kf8 58. Kd6 Kxf7
59. Kc6 Ke8 60. Kxb6 Kd8 61. Kxa5 Kc8 62. Kb6 Kb8 63. a5 Kc8 64. a6 Kb8 65. c5
Ka8 66. c6 Kb8 67. c7+ Kc8 68. a7 Kd7 69. a8=Q Kd6 70. Qd8+ Ke6 71. Kc5 Ke5 72.
Qe8+ Kf5 73. Kd4 1-0

[Event "DEM U10 2017"]
[Site "Willingen GER"]
[Date "2017.06.08"]
[Round "8"]
[White "Bolz, Jannis"]
[Black "Wessel, Daniel"]
[Result "1-0"]
[Termination "normal"]
[Board "21"]
[WhiteElo "1333"]
[BlackElo "1098"]
[PlyCount "41"]
[WhiteFideId "16214897"]
[BlackFideId "16244982"]
[EventCountry "GER"]
[EventRounds "11"]
[EventType "swiss"]
[EventDate "2017.06.03"]

1. e4 e5 2. Nf3 Nc6 3. Bc4 Bc5 4. c3 Nf6 5. d4 exd4 6. cxd4 Bb4+ 7. Nc3 Nxe4 8.
O-O Nxc3 9. bxc3 Bxc3 10. Ba3 Bxa1 11. Re1+ Ne7 12. Rxe7+ Qxe7 13. Bxe7 Kxe7
14. Qxa1 Kd8 15. Bxf7 Rf8 16. Bc4 c6 17. d5 Rf4 18. Bb3 Rb4 19. Qxg7 Kc7 20. h3
cxd5 21. Qc3+ 1-0